Zervas ousting from the government in 1947 by the Americans because of his alleged collaboration with the Germans.

Αποθηκεύτηκε σε:
Λεπτομέρειες βιβλιογραφικής εγγραφής
Κύριος συγγραφέας: Μαλακάσης, Ιωάννης Θ.
Μορφή: Βιβλίο
Γλώσσα:English
Δημοσίευση: Ιωάννινα : Πανεπιστήμιο Ιωαννίνων, 1982
Θέματα:
Ετικέτες: Προσθήκη ετικέτας
Δεν υπάρχουν, Καταχωρήστε ετικέτα πρώτοι!

MARC

LEADER 00000nam a2200000 i 4500
001 1/26313
008 960725s1982 eng d
035 |l 10022651 
040 |a GR-MY-UA  |b gre  |e aacr 
041 0 |a eng 
082 0 |a 949.5074 MAΛ 
100 1 |a Μαλακάσης, Ιωάννης Θ. 
245 1 0 |a Zervas ousting from the government in 1947 by the Americans because of his alleged collaboration with the Germans. /  |c J.T. Malakasses 
260 |a Ιωάννινα :   |b Πανεπιστήμιο Ιωαννίνων,   |c 1982 
300 |a Απο 365 έως 387 σελίδα 
500 |a Ανάτυπο απο τον ΙΑ' τόμο της Δωδώνης επιστημονικής επετηρίδας της φιλοσοφικής σχολής του Πανεπιστημίου Ιωαννίνων. 
651 0 |a Greece  |x History  |y Civil War, 1944-1949. 
852 |a INST  |b CHIOS  |e 19960725  |h 949.5074 MAΛ  |p 005200008804  |q 005200008804  |t BK  |y 0 
901 |a BIBL2-2007-2 
909 |a Χ  |b 045907 
920 |a ΜAΛΑΚΑΣΣΗΣ  |b ΙΩΑΝΝΗΣ ΘΩΜΑΣ  |y ΧΙΟΣ  |z 1996-08